| 000 | 00592nam a2200205Ia 4500 | ||
|---|---|---|---|
| 005 | 20250923145358.0 | ||
| 008 | 008 250917s9999 xx 000 0 eng d | ||
| 037 | _aTextual | ||
| 040 |
_aDSWL _beng _cDSWL |
||
| 041 |
_aeng _2eng |
||
| 084 |
_aW6,7xNo5, N66 _qDSWL |
||
| 100 |
_aHidayatullah, M. _9834665 |
||
| 245 | 0 |
_aDemocracy in India and the justice prose _c by M. Hidayatullah |
|
| 260 |
_aBombay _bAsia Pub. House _c1966 |
||
| 300 | _ax,89 p. | ||
| 365 |
_aINR _b15 . 0 |
||
| 925 | _g15 . 0 | ||
| 942 |
_cTEXL _hW6,7xNo5, N66 |
||
| 999 |
_c1450650 _d1450650 |
||